000 00691nam a22002297a 4500
001 sjds
003 sjds
005 20240311213658.0
008 220507b mx ||||| |||| 00| 0 spa d
020 _a9706291229
020 _a7509965966916
024 _2UPC
_a7509965966916
040 _csjds
041 _aspa
100 _aRobleda Moguel, Margarita.
245 _aSembrando chocolates /
_cMargarita Robleda Moguel ; ilustraciones y portada, Maribel Suarez.
260 _aMexico, D.F. :
_bSistemas Tecnicos de Edicion,
_c2000, c1996.
300 _a19 pages :
_bcolor illustrations ;
_c 23 cm.
440 _aNuevos cuentos para pulguitas
700 _aSuarez, Maribel,
942 _cBK
999 _c27017
_d27017